书目信息 |
| 题名: |
音乐主题景观设计
|
|
| 作者: | 李敏 著 | |
| 分册: | ||
| 出版信息: | 北京 中国建筑工业出版社 2018.12 |
|
| 页数: | 215页 | |
| 开本: | 28cm | |
| 丛书名: | ||
| 单 册: | ||
| 中图分类: | TU983 | |
| 科图分类: | ||
| 主题词: | 区域规划 , 城乡规划 | |
| 电子资源: | ||
| ISBN: | 978-7-112-22778-5 | |
| 000 | 00564nam0 2200205 450 | |
| 001 | 1956407569 | |
| 005 | 20190306154144.50 | |
| 010 | @a978-7-112-22778-5@dCNY98.00 | |
| 100 | @a20190306d2018 km y0chiy0120 ea | |
| 101 | 0 | @achi |
| 102 | @aCN@b110000 | |
| 200 | 1 | @a音乐主题景观设计@Ayin yue zhu ti jing guan she ji@f李敏著@Fli min zhu |
| 210 | @a北京@c中国建筑工业出版社@d2018.12 | |
| 215 | @a215页@d28cm | |
| 606 | 0 | @a区域规划 |
| 606 | 0 | @a城乡规划 |
| 690 | @aTU983@v4 | |
| 701 | 0 | @a李敏@Ali min@4著 |
| 801 | 0 | @aCN@bMUSE@c20190306 |
| 905 | @aMUSE@dTU983@eL215 | |
| 音乐主题景观设计/李敏著.-北京:中国建筑工业出版社,2018.12 |
| 215页;28cm |
| ISBN 978-7-112-22778-5:CNY98.00 |
| ● |
| 相关链接 |
|
|
|
正题名:音乐主题景观设计
索取号:TU983/L215
 
预约/预借
| 序号 | 登录号 | 条形码 | 馆藏地/架位号 | 状态 | 备注 |
| 1 | 1305306 | 213053069 | 建筑库201/201建筑库 59排5列5层/ [索取号:TU983/L215] | 在馆 |